000 00290nam a2200121Ia 4500
005 20260326235451.0
008 260326s9999||||xx |||||||||||||| ||und||
100 _aDe Carlo, Giancarlo
245 0 _aWilliam Morris /
_cGiancarlo De Carlo
260 _bInfinito
300 _a77 p.
942 _cBK
999 _c7758
_d7758